[Event "IBCA EU-chT blind 03rd"]
[Site "Genova"]
[Date "2023.04.26"]
[Round "6.2"]
[White "Culjak, Miso"]
[Black "Deville, Olivier"]
[Result "1/2-1/2"]
[WhiteElo "1705"]
[BlackElo "1770"]
[PlyCount "30"]
[EventDate "2023.04.20"]
[EventType "team-swiss"]
[EventRounds "9"]
[EventCountry "ITA"]
[SourceTitle "CBM 213 Extra"]
[Source "ChessBase"]
[SourceDate "2023.05.31"]
[SourceVersion "1"]
[SourceVersionDate "2023.05.31"]
[SourceQuality "1"]
[WhiteTeam "Croatia"]
[BlackTeam "France"]
[WhiteTeamCountry "CRO"]
[BlackTeamCountry "FRA"]

1. d4 Nf6 2. c4 e6 3. Nc3 Bb4 4. Bd2 b6 5. Nf3 Bb7 6. e3 0-0 7. Bd3 c5 8. a3 Bxc3 9. Bxc3 cxd4 10. Bxd4 d5 11. cxd5 Bxd5 12. 0-0 Nbd7 13. Ne5 Bxg2 14. Kxg2 Nxe5 15. Bxh7+ Nxh7 1/2-1/2

[Event "IBCA World-chT blind 9th"]
[Site "Ohrid"]
[Date "2022.07.07"]
[Round "9.8"]
[White "Culjak, Miso"]
[Black "Kastrati, Shaip"]
[Result "1-0"]
[WhiteElo "1675"]
[BlackElo "1475"]
[PlyCount "25"]
[EventDate "2022.06.28"]
[EventType "team-swiss"]
[EventRounds "9"]
[EventCountry "MKD"]
[SourceTitle "EXT 2024"]
[Source "ChessBase"]
[SourceDate "2023.10.10"]
[SourceVersion "1"]
[SourceVersionDate "2023.10.10"]
[SourceQuality "1"]
[WhiteTeam "Croatia"]
[BlackTeam "Kosovo"]
[WhiteTeamCountry "CRO"]
[BlackTeamCountry "KOS"]

1. d4 d5 2. Nf3 Nf6 3. Bf4 Nc6 4. e3 a6 5. Be2 h6 6. Nbd2 Nh5 7. Bg3 Bf5 8. 0-0 Nb4 9. Ne1 Nxg3 10. fxg3 e6 11. c4 Be7 12. cxd5 exd5 13. Rxf5 1-0

[Event "IBCA World-chT blind 9th"]
[Site "Ohrid"]
[Date "2022.07.02"]
[Round "5.1"]
[White "Culjak, Miso"]
[Black "Draghici Flutur, Gavril"]
[Result "0-1"]
[WhiteElo "1675"]
[BlackElo "2100"]
[PlyCount "97"]
[EventDate "2022.06.28"]
[EventType "team-swiss"]
[EventRounds "9"]
[EventCountry "MKD"]
[SourceTitle "EXT 2024"]
[Source "ChessBase"]
[SourceDate "2023.10.10"]
[SourceVersion "1"]
[SourceVersionDate "2023.10.10"]
[SourceQuality "1"]
[WhiteTeam "Croatia"]
[BlackTeam "Spain"]
[WhiteTeamCountry "CRO"]
[BlackTeamCountry "ESP"]

1. d4 d5 2. Nf3 Nf6 3. h3 c5 4. c3 Nc6 5. Bf4 Qb6 6. Qb3 c4 7. Qxb6 axb6 8. Nbd2 b5 9. e3 b4 10. Be2 bxc3 11. bxc3 b5 12. 0-0 b4 13. cxb4 Nxb4 14. a4 e6 15. Ne5 Be7 16. Bf3 Nd7 17. Nxd7 Bxd7 18. Nb1 0-0 19. Rc1 f6 20. g4 Ra6 21. Nc3 Rfa8 22. Bd1 Bc6 23. h4 Nd3 24. Bg3 Bb4 25. Ne2 Bxa4 26. Bxa4 Rxa4 27. Rxa4 Rxa4 28. Rb1 Kf7 29. Nc1 Nxc1 30. Rxc1 c3 31. Rc2 Ra1+ 32. Kg2 Rb1 33. e4 Rb2 34. Rc1 c2 35. Bf4 dxe4 36. Be3 Ke7 37. Kg3 g6 38. Kf4 f5 39. gxf5 exf5 40. Kg5 Ra2 41. h5 Ke8 42. Kh6 Kf7 43. Kg5 Be7+ 44. Kh6 g5 45. Bxg5 Ra6+ 46. Bf6 Rxf6+ 47. Kg5 Rc6+ 48. Kxf5 Ba3 49. Ra1 0-1

[Event "IBCA EU-chT blind 2nd"]
[Site "Calimanesti"]
[Date "2019.10.05"]
[Round "1.4"]
[White "Vela Ignacio, Jose Manuel"]
[Black "Culjak, Miso"]
[Result "1-0"]
[WhiteElo "2043"]
[BlackElo "1666"]
[PlyCount "69"]
[EventDate "2019.10.05"]
[EventType "team-swiss"]
[EventRounds "9"]
[EventCountry "ROU"]
[SourceTitle "CBM 192 Extra"]
[Source "Chessbase"]
[SourceDate "2019.11.06"]
[SourceVersion "1"]
[SourceVersionDate "2019.11.06"]
[SourceQuality "1"]
[WhiteTeam "Spain"]
[BlackTeam "Croatia"]
[WhiteTeamCountry "ESP"]
[BlackTeamCountry "CRO"]

1. e4 e5 2. Nf3 d6 3. c3 Bg4 4. Bc4 b6 5. d4 exd4 6. cxd4 Be7 7. Qb3 Be6 8. Bxe6 fxe6 9. Qxe6 Qd7 10. Ng5 Qxe6 11. Nxe6 Kd7 12. Nxg7 Nf6 13. e5 dxe5 14. dxe5 Bb4+ 15. Bd2 Bxd2+ 16. Nxd2 Ng4 17. f4 Rg8 18. Nh5 Ke6 19. g3 Ne3 20. Kf2 Nd5 21. Ne4 h6 22. Rhd1 c6 23. Rac1 a5 24. Nhf6 Rd8 25. a4 c5 26. Nc3 Nc6 27. Ncxd5 Nd4 28. Rxd4 cxd4 29. Rc6+ Kf7 30. e6+ Kg6 31. e7 Rdc8 32. Rxc8 Rxc8 33. e8Q+ Rxe8 34. Nxe8 Kf5 35. Nef6 1-0